| 000 | 00834nam a2200253Ia 4500 | ||
|---|---|---|---|
| 003 | OSt | ||
| 005 | 20220918171501.0 | ||
| 006 | a|||||r|||| 00| 0 | ||
| 007 | ta | ||
| 008 | 220917b |||||||| |||| 00| 0 eng d | ||
| 020 |
_a9781844651238 (hbk) _c2272.5 |
||
| 024 | _a238,490 | ||
| 037 |
_b26666, 02/12/2008, Segment Book Distributors _cTextual |
||
| 040 |
_aARTS _cARTS _beng |
||
| 041 |
_2eng _aeng |
||
| 082 | _aO13,2C50:g(W), 111P8 | ||
| 100 |
_aVickers Michael _936896 |
||
| 245 | 0 |
_aSophocles and Alcibiades _b Athenian politics in ancient Greek literature |
|
| 260 |
_aStocksfield _bAcumen _c2008 |
||
| 300 |
_ax,205p. _ccm. |
||
| 650 | _aGREEK LITERATURE | ||
| 942 |
_hO13,2C50:g(W), 111P8 _cTEXL _2CC |
||
| 999 |
_c139784 _d139784 |
||